| 000 | 00824cam a2200145 4500500 | ||
|---|---|---|---|
| 005 | 20260208001751.0 | ||
| 041 | _afre | ||
| 042 | _adc | ||
| 100 | 1 | 0 |
_aEmmanouilidou, Lina _eauthor |
| 245 | 0 | 0 | _aA. GOSSEMENT, Droit minier et droit de l’environnement, éléments de réflexion pour une réforme relative à l’évaluation environnementale, à l’information et à la participation du public. Rapport remis à Madame Nathalie KOSCIUSKOMORIZET, Ministre de l’Ecologie, du Développement durable, des Transports et du Logement, Paris 2011, 372 pages |
| 260 | _c2013. | ||
| 500 | _a15 | ||
| 786 | 0 | _nRevue juridique de l’environnement | Volume 38 | 1 | 2013-03-01 | p. 183d-188d | 0397-0299 | |
| 856 | 4 | 1 | _uhttps://droit.cairn.info/revue-juridique-de-l-environnement-2013-1-page-183d?lang=fr&redirect-ssocas=7080 |
| 999 |
_c1645174 _d1645174 |
||